Datum a čas kvízu

45 Celkem bodů Celkový počet nahraných bodů na tomto kvízu bez doplňovacích otázek.
1. Pořadí na kvízu Konečné umístění týmu na tomto kvízu.

Zaznamenané odpovědi

# Otázka Odpověď Body Výsledky
1. Obyvatele jednoho českolipskéh... velký balvan 1
2. Vláda které země rozhodla, že... Islandu 1
3. Která slovenská kapela minulý... Elán 1
4. Která společnost minulý týden... Levné knihy 1
5. Anežce Indráčkové se povedlo p... ve skocích na lyžích 1
6. Vítězné téma facebookového hla... 1D 2A 3B 4C 1
7. Která ženská postava běží na k... Bridget Jones 1
8. „Celou dobu mi do nosu tekla v... Spider-Man 1
9. Tento filmový polibek byl insp... v Helsinkách 1
10. Jak se jmenují filmové postavy... Lady a Tramp 1